000 00986nam a2200265Ia 4500
003 OSt
005 20221005113352.0
006 a|||||r|||| 00| 0
007 ta
008 221004b |||||||| |||| 00| 0 pan d
020 _a293024724X (hbk)
_cIndian Rupees 1700
024 _a33757
037 _bGift, 27/09/2017,
_cTextual
040 _aCRL
_cCRL
_bpan
041 _2pan
_apan
082 _aY73(Q8441).P1, 153P8;Q4.1-.5
100 _aਦਿਲਗੀਰ, ਹਰਜਿੰਦਰ ਸਿੰਘ, ਂਚ.
_9159445
245 0 _aਸਿੱਖ ਤਵਾਰੀ॥
260 _aਬੇਲਜਿਅਮ
_bਸੱਖ ਯੂਨੀਵਰਸਿਟੀ ਪ੍ਰੈਸ
_c2014
490 _vਭਾਗ ਪਹਿਲਾ
650 _a ਇਤਿਹਾਸ
650 _aਸਿੱਖ ਧਰਮ
_9156314
942 _hY73(Q8441).P1, 153P8;Q4.1-.5
_cTEXL
_2cc
999 _c1027941
_d1027941